| 000 | 00544nam a2200181Ia 4500 | ||
|---|---|---|---|
| 999 |
_c22508 _d22508 |
||
| 003 | OSt | ||
| 005 | 20200214093844.0 | ||
| 008 | 190216s9999||||xx |||||||||||||| ||und|| | ||
| 040 | _coclc | ||
| 082 |
_a297 _bKAR/A |
||
| 100 |
_a Karakunnu, Sheikh Mohammed _91839 |
||
| 245 | 0 |
_aAnantharavakasha Niyamangal Islamil / _cSheikh Mohammed Karakunnu |
|
| 250 | _a3rd ed. | ||
| 260 |
_bIslamic Publishing House, _c2001. _aKozhikode: |
||
| 300 | _a110p | ||
| 650 | _aIslam Matham | ||
| 942 |
_cBK _2ddc _h297 _iKAR/A _k297 _mKAR/A |
||